[Event "Baku Pashayeva Memorial Blitz"]
[Site "Baku"]
[Date "2025.03.05"]
[Round "6"]
[White "Aydin, Gulenay"]
[Black "Mammadzada, Gunay Vuqar Qizi"]
[Result "0-1"]
[WhiteElo "2265"]
[BlackElo "2396"]
[PlyCount "94"]
[EventDate "2025.03.05"]
[EventType "tourn (blitz)"]
[EventRounds "18"]
[EventCountry "AZE"]
[EventCategory "3"]
[SourceTitle "CB11_2025"]
[SourceDate "2025.03.12"]
[SourceVersion "1"]
[SourceVersionDate "2025.03.12"]
[SourceQuality "1"]

1. e4 c5 2. Nf3 d6 3. d4 cxd4 4. Nxd4 Nf6 5. Nc3 a6 6. a3 Nc6 7. Be2 e6 8. Be3 Be7 9. Qd2 Bd7 10. h3 b5 11. 0-0 Nxd4 12. Bxd4 Bc6 13. Bd3 e5 14. Be3 0-0 15. Rad1 Qd7 16. f4 Qb7 17. Nd5 Nxd5 18. exd5 Bxd5 19. fxe5 dxe5 20. Bxh7+ Kxh7 21. Qxd5 Qxd5 22. Rxd5 f6 23. Rd7 Rfe8 24. Rfd1 Rac8 25. c3 Rcd8 26. Kf2 Rc8 27. Ra7 Rc6 28. Rdd7 Re6 29. g4 Bf8 30. h4 R8e7 31. Rxe7 Bxe7 32. Kf3 e4+ 33. Ke2 Kg8 34. Rd7 g6 35. Rc7 f5 36. gxf5 gxf5 37. Bc5 Bxh4 38. Rc8+ Kg7 39. Ke3 Bg5+ 40. Kd4 e3 41. Kd5 e2 42. Bd4+ Kf7 43. Rc7+ Be7 44. Bf2 e1Q 45. Bxe1 Rxe1 46. Rc6 f4 47. Rxa6 f3 0-1

[Event "Baku Pashayeva Memorial Blitz"]
[Site "Baku"]
[Date "2025.03.05"]
[Round "5"]
[White "Mammadzada, Gunay Vuqar Qizi"]
[Black "Aydin, Gulenay"]
[Result "0-1"]
[WhiteElo "2396"]
[BlackElo "2265"]
[PlyCount "126"]
[EventDate "2025.03.05"]
[EventType "tourn (blitz)"]
[EventRounds "18"]
[EventCountry "AZE"]
[EventCategory "3"]
[SourceTitle "CB11_2025"]
[SourceDate "2025.03.12"]
[SourceVersion "1"]
[SourceVersionDate "2025.03.12"]
[SourceQuality "1"]

1. Nf3 Nf6 2. g3 g6 3. Bg2 Bg7 4. d4 0-0 5. 0-0 d6 6. Re1 c5 7. e4 cxd4 8. Nxd4 Qc7 9. h3 Nc6 10. Nc3 Bd7 11. Bg5 Nxd4 12. Qxd4 Bc6 13. Qd2 b5 14. Nd5 Bxd5 15. exd5 a5 16. c3 Rab8 17. a3 Rfe8 18. Bh6 Bh8 19. Re2 Rb7 20. Rae1 Bg7 21. Bg5 Kf8 22. Kh2 b4 23. axb4 axb4 24. cxb4 Qc4 25. Bxf6 Bxf6 26. Re4 Qb3 27. R1e3 Qxb2 28. Qxb2 Bxb2 29. Bf1 Reb8 30. b5 Rc8 31. Rc4 Rxc4 32. Bxc4 Bd4 33. Re2 Rc7 34. Bd3 Rc3 35. Rd2 Bc5 36. Kg2 Rb3 37. Bf1 h5 38. Rd1 Rb2 39. Kf3 Rxf2+ 40. Ke4 Rb2 41. g4 hxg4 42. hxg4 Kg7 43. Ra1 Rb4+ 44. Kf3 Kf6 45. Re1 Rb3+ 46. Kg2 Rb4 47. Kf3 g5 48. Re4 Rb3+ 49. Kg2 Rb2+ 50. Kg3 Rb3+ 51. Kg2 Rb2+ 52. Kg3 Rd2 53. Bc4 Rb2 54. Bf1 Rb3+ 55. Kg2 Rb1 56. Re2 Rb4 57. Kg3 e6 58. dxe6 fxe6 59. Rc2 Rb3+ 60. Kg2 Rb4 61. Kg3 Ke7 62. Be2 Rb1 63. Bc4 e5 0-1

[Event "Baku Pashayeva Memorial Rapid"]
[Site "Baku"]
[Date "2025.03.04"]
[Round "7"]
[White "Mammadzada, Gunay Vuqar Qizi"]
[Black "Serikbay, Assel"]
[Result "1/2-1/2"]
[WhiteElo "2396"]
[BlackElo "2235"]
[PlyCount "94"]
[EventDate "2025.03.02"]
[EventType "tourn (rapid)"]
[EventRounds "9"]
[EventCountry "AZE"]
[EventCategory "3"]
[SourceTitle "CB11_2025"]
[SourceDate "2025.03.12"]
[SourceVersion "1"]
[SourceVersionDate "2025.03.12"]
[SourceQuality "1"]

1. e4 c5 2. Nf3 d6 3. d4 cxd4 4. Nxd4 Nf6 5. Nc3 a6 6. Bd3 e5 7. Nde2 Be7 8. 0-0 0-0 9. Ng3 b5 10. a3 g6 11. Bh6 Re8 12. h3 Nbd7 13. f4 exf4 14. Bxf4 Ne5 15. Kh1 Bb7 16. Be2 Rc8 17. Qd4 Qc7 18. Rad1 Rcd8 19. Qf2 Nfd7 20. Be3 Rc8 21. Bd4 Bf8 22. Bg4 Ra8 23. Nd5 Bxd5 24. exd5 Bg7 25. Bxd7 Qxd7 26. Ne4 Rac8 27. c3 f5 28. Ng5 Qb7 29. Qh4 Bf6 30. Qh6 Bxg5 31. Qxg5 Qxd5 32. Rxf5 Rf8 33. Rdf1 Rxf5 34. Rxf5 Qe4 35. Rf1 Re8 36. Qf6 Qd5 37. h4 Qe6 38. Qg5 Rf8 39. Rxf8+ Kxf8 40. h5 Ng4 41. Qd8+ Kf7 42. Qc7+ Ke8 43. Qc6+ Kf7 44. Qf3+ Ke8 45. Qc6+ Kf7 46. Qf3+ Ke8 47. Qc6+ Kf7 1/2-1/2

[Event "Baku Pashayeva Memorial Rapid"]
[Site "Baku"]
[Date "2025.03.03"]
[Round "4"]
[White "Mamedjarova, Turkan"]
[Black "Mammadzada, Gunay Vuqar Qizi"]
[Result "0-1"]
[WhiteElo "2206"]
[BlackElo "2396"]
[PlyCount "92"]
[EventDate "2025.03.02"]
[EventType "tourn (rapid)"]
[EventRounds "9"]
[EventCountry "AZE"]
[EventCategory "3"]
[SourceTitle "CB11_2025"]
[SourceDate "2025.03.12"]
[SourceVersion "1"]
[SourceVersionDate "2025.03.12"]
[SourceQuality "1"]

1. e4 e5 2. Nc3 Nc6 3. Nf3 Nf6 4. Bc4 Nxe4 5. Nxe4 d5 6. Qe2 dxc4 7. Qxc4 Be7 8. b3 f5 9. Ng3 e4 10. Ng1 Bf6 11. Rb1 Ne5 12. Qe2 0-0 13. Nh3 Ng6 14. 0-0 Be5 15. f4 exf3 16. Qxf3 f4 17. Ne2 Nh4 18. Qe4 Bxh3 19. gxh3 Qg5+ 20. Kh1 f3 21. Qd5+ Kh8 22. Ng3 c6 23. d4 Qxc1 24. Rbxc1 cxd5 25. dxe5 Rfe8 26. Rce1 Rac8 27. c4 dxc4 28. Re4 Ng6 29. bxc4 Rxe5 30. Rxf3 Rxe4 31. Nxe4 Rxc4 32. Nc3 h6 33. Re3 a6 34. a4 Nf4 35. h4 a5 36. h3 Ng6 37. h5 Nf4 38. Re4 Rxc3 39. Rxf4 Rxh3+ 40. Kg2 Rxh5 41. Rf8+ Kh7 42. Rb8 Rh4 43. Rxb7 Rxa4 44. Kg3 h5 45. Rb6 g6 46. Ra6 Kh6 0-1

[Event "Baku Pashayeva Memorial Rapid"]
[Site "Baku"]
[Date "2025.03.03"]
[Round "5"]
[White "Mammadzada, Gunay Vuqar Qizi"]
[Black "Balajayeva, Khanim Asad Qizi"]
[Result "1/2-1/2"]
[WhiteElo "2396"]
[BlackElo "2358"]
[PlyCount "20"]
[EventDate "2025.03.02"]
[EventType "tourn (rapid)"]
[EventRounds "9"]
[EventCountry "AZE"]
[EventCategory "3"]
[SourceTitle "CB11_2025"]
[SourceDate "2025.03.12"]
[SourceVersion "1"]
[SourceVersionDate "2025.03.12"]
[SourceQuality "1"]

1. e4 e5 2. Nf3 Nc6 3. Bc4 Nf6 4. d3 Bc5 5. Nc3 h6 6. Be3 Bxe3 7. fxe3 d6 8. h3 Na5 9. Bb5+ c6 10. Ba4 b5 1/2-1/2

[Event "Baku Pashayeva Memorial Rapid"]
[Site "Baku"]
[Date "2025.03.02"]
[Round "3"]
[White "Mammadzada, Gunay Vuqar Qizi"]
[Black "Aydin, Gulenay"]
[Result "1/2-1/2"]
[WhiteElo "2396"]
[BlackElo "2265"]
[PlyCount "31"]
[EventDate "2025.03.02"]
[EventType "tourn (rapid)"]
[EventRounds "9"]
[EventCountry "AZE"]
[EventCategory "3"]
[SourceTitle "CB11_2025"]
[SourceDate "2025.03.12"]
[SourceVersion "1"]
[SourceVersionDate "2025.03.12"]
[SourceQuality "1"]

1. Nf3 Nf6 2. d4 d5 3. c4 e6 4. g3 Be7 5. Bg2 0-0 6. 0-0 c6 7. Qc2 b6 8. Bf4 Nh5 9. Bd2 Nf6 10. Ne5 Nfd7 11. Nxd7 Nxd7 12. e4 dxc4 13. Qxc4 c5 14. e5 Rb8 15. Be3 cxd4 16. Bxd4 1/2-1/2

[Event "AZE-ch (Women)"]
[Site "Baku"]
[Date "2025.02.09"]
[Round "2.3"]
[White "Ibrahimova, Sabina Oqtay"]
[Black "Mammadzada, Gunay Vuqar Qizi"]
[Result "1/2-1/2"]
[WhiteElo "2177"]
[BlackElo "2412"]
[PlyCount "144"]
[EventDate "2025.02.04"]
[EventType "k.o."]
[EventRounds "4"]
[EventCountry "AZE"]
[SourceTitle "CB08_2025"]
[SourceDate "2025.02.19"]
[SourceVersion "1"]
[SourceVersionDate "2025.02.19"]
[SourceQuality "1"]

1. Nf3 d5 2. c4 e6 3. g3 Nf6 4. Bg2 Be7 5. 0-0 0-0 6. d4 dxc4 7. Qc2 a6 8. a4 Bd7 9. Bg5 Bc6 10. Bxf6 Bxf6 11. Rd1 Nd7 12. e4 b5 13. b3 Nb6 14. a5 Nc8 15. bxc4 bxc4 16. Na3 c3 17. Re1 Na7 18. Qxc3 Be8 19. Rad1 Rc8 20. Qe3 Nb5 21. Nc4 Nd6 22. Nce5 Bb5 23. h4 Be7 24. Rc1 c6 25. Ra1 Nb7 26. Qd2 c5 27. d5 f6 28. Ng4 e5 29. Ne3 g6 30. Bh3 Rb8 31. Qc3 Nd6 32. Nd2 Bd7 33. Bf1 Nb5 34. Qc4 Bd6 35. Qc1 Qe7 36. Nec4 Bc7 37. Nf3 Kh8 38. Qh6 Bg4 39. Nh2 Bd7 40. Rad1 Nd4 41. Bg2 Bb5 42. Rc1 Nb3 43. Rc2 Nd4 44. Rcc1 Bxc4 45. Rxc4 Bxa5 46. Ra1 Nb3 47. Rd1 Qg7 48. Qe3 Nd4 49. Nf3 Qe7 50. Ne1 Bxe1 51. Qxe1 Rb2 52. Qa5 Rfb8 53. Qxc5 Qxc5 54. Rxc5 Ra2 55. Rc7 Rbb2 56. Rf1 Rb6 57. Kh2 Kg8 58. Re7 Kf8 59. Rxh7 Rbb2 60. Rc1 Rc2 61. Rb1 Rcb2 62. Rxb2 Rxb2 63. d6 Ke8 64. Bh3 f5 65. exf5 Rxf2+ 66. Kg1 Rd2 67. Rh8+ Kf7 68. fxg6+ Kg7 69. Rb8 Nf3+ 70. Kf1 Nh2+ 71. Ke1 Nf3+ 72. Kf1 Nh2+ 1/2-1/2

[Event "AZE-ch (Women)"]
[Site "Baku"]
[Date "2025.02.05"]
[Round "1.2"]
[White "Mammadzada, Gunay Vuqar Qizi"]
[Black "Huseynova, Lala"]
[Result "0-1"]
[WhiteElo "2412"]
[BlackElo "2032"]
[PlyCount "68"]
[EventDate "2025.02.04"]
[EventType "k.o."]
[EventRounds "4"]
[EventCountry "AZE"]
[SourceTitle "CB08_2025"]
[SourceDate "2025.02.19"]
[SourceVersion "1"]
[SourceVersionDate "2025.02.19"]
[SourceQuality "1"]

1. d4 d5 2. c4 e6 3. Nc3 Be7 4. cxd5 exd5 5. Bf4 Nf6 6. e3 0-0 7. Bd3 c5 8. Nge2 Nc6 9. 0-0 Bg4 10. dxc5 Bxc5 11. h3 Bxe2 12. Nxe2 d4 13. e4 Nd7 14. Rc1 a5 15. a3 Qb6 16. Qd2 a4 17. Ng3 Rac8 18. Rc2 Nce5 19. Bxe5 Nxe5 20. Rfc1 Rc6 21. f4 Nxd3 22. Qxd3 Rfc8 23. Kf1 Qb3 24. Ke2 b6 25. Qxb3 axb3 26. Rd2 g6 27. Kf3 Be7 28. Rxc6 Rxc6 29. Rd3 Rc3 30. Ke2 Rc2+ 31. Kf3 Rxb2 32. Ne2 Rb1 33. Kf2 b2 34. Rb3 d3 0-1

[Event "Wch Blitz (Women)"]
[Site "New York"]
[Date "2024.12.30"]
[Round "9"]
[White "Mammadzada, Gunay Vuqar Qizi"]
[Black "Mamedjarova, Zeinab"]
[Result "1/2-1/2"]
[WhiteElo "2421"]
[BlackElo "2145"]
[PlyCount "107"]
[EventDate "2024.12.30"]
[EventType "swiss (blitz)"]
[EventRounds "11"]
[EventCountry "USA"]
[SourceTitle "CB01_2025"]
[SourceDate "2025.01.01"]
[SourceVersion "1"]
[SourceVersionDate "2025.01.01"]
[SourceQuality "1"]

1. e4 d5 2. exd5 Qxd5 3. Nc3 Qd8 4. d4 Nf6 5. Nf3 Bg4 6. h3 Bxf3 7. Qxf3 c6 8. Be3 e6 9. a3 Nbd7 10. Bd3 Be7 11. 0-0 0-0 12. Rfe1 a5 13. Rad1 a4 14. Bc1 Qb6 15. Bc4 Rfd8 16. Ne2 Nf8 17. Ng3 Rxd4 18. Bd3 Rd5 19. Nf5 exf5 20. Rxe7 Ng6 21. Re2 Ne5 22. Qg3 Nxd3 23. cxd3 Re8 24. Bh6 g6 25. Rde1 Qd8 26. Qh4 Rxe2 27. Rxe2 Rd6 28. Qxa4 Rxd3 29. Bf4 Nd5 30. Be5 f6 31. Bg3 f4 32. Bxf4 Nxf4 33. Qxf4 Rd1+ 34. Kh2 Qd6 35. Qxd6 Rxd6 36. Re7 b5 37. Rc7 Rd2 38. Rxc6 Rxf2 39. b4 Ra2 40. Rxf6 Rxa3 41. Rb6 Kf7 42. Rxb5 Rb3 43. Rb7+ Kf6 44. g4 h5 45. gxh5 gxh5 46. Kg2 h4 47. b5 Kg6 48. b6 Kh6 49. Kf2 Kg6 50. Rb8 Kg7 51. Ke2 Rxh3 52. Rc8 Rb3 53. Rc4 Rxb6 54. Rxh4 1/2-1/2

[Event "Wch Blitz (Women)"]
[Site "New York"]
[Date "2024.12.30"]
[Round "2"]
[White "Mammadzada, Gunay Vuqar Qizi"]
[Black "Melia, Salome"]
[Result "0-1"]
[WhiteElo "2421"]
[BlackElo "2293"]
[PlyCount "58"]
[EventDate "2024.12.30"]
[EventType "swiss (blitz)"]
[EventRounds "11"]
[EventCountry "USA"]
[SourceTitle "CB01_2025"]
[SourceDate "2025.01.01"]
[SourceVersion "1"]
[SourceVersionDate "2025.01.01"]
[SourceQuality "1"]

1. e4 c5 2. Nf3 Nc6 3. Bb5 g6 4. d3 Bg7 5. 0-0 e5 6. a3 Nge7 7. b4 d6 8. bxc5 dxc5 9. Be3 b6 10. Nc3 0-0 11. h3 Nd4 12. Bc4 Be6 13. Bxd4 exd4 14. Bxe6 dxc3 15. Bc4 Nc6 16. Rb1 Nd4 17. Nxd4 Bxd4 18. Qg4 Kg7 19. Kh1 f5 20. exf5 Rxf5 21. Rbe1 Bxf2 22. Re2 Qf8 23. Qe4 Rd8 24. g4 Rf6 25. Kg2 Bd4 26. Qb7+ Kh8 27. Re7 Rf2+ 28. Rxf2 Qxf2+ 29. Kh1 Qg1# 0-1

[Event "Wch Blitz (Women)"]
[Site "New York"]
[Date "2024.12.30"]
[Round "8"]
[White "Mammadzada, Gunay Vuqar Qizi"]
[Black "Peycheva, Gergana"]
[Result "1-0"]
[WhiteElo "2421"]
[BlackElo "2212"]
[PlyCount "69"]
[EventDate "2024.12.30"]
[EventType "swiss (blitz)"]
[EventRounds "11"]
[EventCountry "USA"]
[SourceTitle "CB01_2025"]
[SourceDate "2025.01.01"]
[SourceVersion "1"]
[SourceVersionDate "2025.01.01"]
[SourceQuality "1"]

1. e4 c5 2. Nf3 Nc6 3. Bb5 g6 4. Bxc6 dxc6 5. d3 Bg7 6. h3 Nf6 7. Nc3 Nd7 8. Bg5 Nf8 9. Qd2 h6 10. Be3 Ne6 11. 0-0 Nd4 12. Nh2 e5 13. Rae1 Be6 14. a3 Qd7 15. Na4 b6 16. Kh1 0-0-0 17. b4 c4 18. Nb2 cxd3 19. cxd3 Kb7 20. a4 f5 21. Bxd4 Qxd4 22. Nf3 Qd6 23. Qc3 f4 24. Rc1 g5 25. Nc4 Bxc4 26. Qxc4 Bf6 27. b5 c5 28. a5 h5 29. axb6 axb6 30. Ra1 g4 31. Nh2 gxh3 32. Qa2 Ra8 33. Qf7+ Qe7 34. Qd5+ Kc7 35. Qc6+ 1-0

[Event "Wch Rapid (Women)"]
[Site "New York"]
[Date "2024.12.27"]
[Round "6"]
[White "Mammadzada, Gunay Vuqar Qizi"]
[Black "Kosteniuk, Alexandra"]
[Result "0-1"]
[WhiteElo "2319"]
[BlackElo "2486"]
[PlyCount "110"]
[EventDate "2024.12.26"]
[EventType "swiss (rapid)"]
[EventRounds "11"]
[EventCountry "USA"]
[SourceTitle "CB01_2025"]
[SourceDate "2025.01.01"]
[SourceVersion "1"]
[SourceVersionDate "2025.01.01"]
[SourceQuality "1"]

1. e4 c6 2. d4 d5 3. e5 c5 4. dxc5 Nc6 5. f4 Nh6 6. Nf3 Bg4 7. Be3 e6 8. h3 Nf5 9. Bf2 Bxf3 10. Qxf3 g5 11. Bd3 Nfd4 12. Qg3 Qa5+ 13. c3 Nb3 14. axb3 Qxa1 15. 0-0 Qxb2 16. b4 0-0-0 17. f5 d4 18. b5 Na5 19. fxe6 fxe6 20. Bxd4 Rxd4 21. cxd4 Qxd4+ 22. Kh1 Bxc5 23. Nd2 Qe3 24. Qxe3 Bxe3 25. Nc4 Nxc4 26. Bxc4 Bf4 27. b6 axb6 28. Bxe6+ Kc7 29. Rf2 Re8 30. Rc2+ Kb8 31. Bd7 Rxe5 32. g4 Re3 33. Rc8+ Ka7 34. Kg2 Rg3+ 35. Kf2 Rxh3 36. Rc4 h5 37. gxh5 Rxh5 38. Kf3 Rh2 39. Ra4+ Kb8 40. Rc4 Rb2 41. Bf5 b5 42. Rc8+ Ka7 43. Be4 Rb3+ 44. Kg4 b4 45. Rh8 Rg3+ 46. Kf5 Rc3 47. Rh7 Rc5+ 48. Kg4 Rb5 49. Bd3 Rb6 50. Kf3 b3 51. Rh1 b2 52. Bb1 Rc6 53. Rd1 Rc1 54. Ke2 Rxb1 55. Rxb1 Bc1 0-1

[Event "Qatar Masters op-A"]
[Site "Doha"]
[Date "2024.12.09"]
[Round "6"]
[White "Mammadzada, Gunay Vuqar Qizi"]
[Black "Manish, Anto Cristiano F"]
[Result "1/2-1/2"]
[WhiteElo "2421"]
[BlackElo "2296"]
[PlyCount "66"]
[EventDate "2024.12.03"]
[EventType "swiss"]
[EventRounds "9"]
[EventCountry "QAT"]
[SourceTitle "CB51_2024"]
[SourceDate "2024.12.18"]
[SourceVersion "1"]
[SourceVersionDate "2024.12.18"]
[SourceQuality "1"]

1. e4 c5 2. Nf3 d6 3. d4 cxd4 4. Nxd4 Nf6 5. Nc3 Nc6 6. Bc4 Qb6 7. Nb3 e6 8. 0-0 Be7 9. a4 0-0 10. Be2 Bd7 11. Bf4 Ne5 12. a5 Qc7 13. a6 bxa6 14. Rxa6 Rfc8 15. Qa1 Bc6 16. Nd4 Bxe4 17. Nxe4 Nxe4 18. c3 Qb7 19. Nb5 Nc4 20. Rxa7 Rxa7 21. Qxa7 Qxb5 22. Qxe7 d5 23. Bc1 Qb6 24. Bxc4 dxc4 25. Qh4 Nf6 26. Bh6 Ne8 27. Bc1 Qd8 28. Qg3 Qd5 29. h3 Rd8 30. Re1 f6 31. Qg4 e5 32. Be3 Nc7 33. Bb6 Qc6 1/2-1/2

[Event "BL 2425 (Women)"]
[Site "Germany"]
[Date "2024.11.17"]
[Round "2.3"]
[White "Lach, Aleksandra"]
[Black "Mammadzada, Gunay Vuqar Qizi"]
[Result "0-1"]
[WhiteElo "2210"]
[BlackElo "2417"]
[PlyCount "180"]
[EventDate "2024.11.16"]
[EventType "team-tourn"]
[EventRounds "11"]
[EventCountry "GER"]
[SourceTitle "CB48_2024"]
[SourceDate "2024.11.28"]
[SourceVersion "1"]
[SourceVersionDate "2024.11.28"]
[SourceQuality "1"]
[WhiteTeam "Harksheide (W)"]
[BlackTeam "Baden-Baden (W)"]
[WhiteTeamCountry "GER"]
[BlackTeamCountry "GER"]

1. e4 e5 2. Nf3 Nc6 3. g3 Nf6 4. d3 d5 5. exd5 Nxd5 6. Bg2 Bc5 7. 0-0 0-0 8. Nc3 Nxc3 9. bxc3 Re8 10. Ng5 h6 11. Ne4 Bf8 12. Rb1 Rb8 13. Re1 Be6 14. a4 Qd7 15. Be3 b6 16. f4 f5 17. Nf2 Bd5 18. Qh5 Bxg2 19. Kxg2 Re7 20. g4 Qd5+ 21. Kf1 exf4 22. Bxf4 Qf3 23. Bd2 fxg4 24. Qxg4 Qf6 25. Qf4 Qxf4 26. Bxf4 Rf7 27. Bg3 Rd8 28. Re6 Bd6 29. Bxd6 cxd6 30. Kg2 Ne7 31. Rbe1 Nf5 32. Re8+ Rxe8 33. Rxe8+ Kh7 34. Ne4 d5 35. Nd2 Rc7 36. c4 dxc4 37. Nxc4 Nd4 38. c3 Nb3 39. Kf3 Nc5 40. Nb2 Kg6 41. c4 Kf7 42. Re1 Rd7 43. Rf1 Ke7 44. Ke3 Ne6 45. Nd1 Rd4 46. Nc3 Rh4 47. Rf2 Rh3+ 48. Kd2 g5 49. Re2 Kd7 50. Nd5 Kd6 51. Ne3 Nf4 52. Nf5+ Kc6 53. Re7 Rxd3+ 54. Kc2 Rh3 55. Rxa7 Rxh2+ 56. Kc3 Rh3+ 57. Kd4 g4 58. Ke4 Ne6 59. Ke5 Nf8 60. Rg7 h5 61. Rg8 Nd7+ 62. Kd4 Kc7 63. Rg5 Nc5 64. Rg7+ Nd7 65. Rg5 Rh1 66. Ne3 Nc5 67. Rg7+ Kd6 68. Rg6+ Ne6+ 69. Ke4 Re1 70. a5 bxa5 71. c5+ Ke7 72. c6 a4 73. Rh6 a3 74. Rh7+ Kd6 75. Ra7 g3 76. Kd3 Kxc6 77. Rxa3 h4 78. Ra6+ Kd7 79. Ra7+ Kd8 80. Ra8+ Kc7 81. Ra7+ Kb8 82. Rh7 Nf4+ 83. Kd4 g2 84. Rh8+ Kc7 85. Rh7+ Kd8 86. Rh8+ Kd7 87. Nxg2 Nxg2 88. Rh6 Ke7 89. Kd3 Kf7 90. Kd2 Re5 0-1